Everything that can kill you in Dead Rails - Statistics

General Stats
  • This quiz has been taken 297 times
  • The average score is 9 of 12
Answer Stats
Hint Answer % Correct
Enemy Zombie
99%
Enemy Werewolf
95%
Enemy Nicola Tesla
92%
Enemy Vampire
92%
Enemy Outlaw
87%
Enemy Wolf
80%
Can possibly be bought at every 10,000m Dynamite
71%
Enemy Skeleton
64%
If you fall into this at the end of the game Water
64%
Gives you a badge for dying to this Lightning
58%
Playing as this class you can just randomly die to a bunch of bugs/glitches Horse
57%
Enemy Captain Prescott
52%
No matching quizzes found
Score Distribution
Percent of People with Each Score
Percentile by Number Answered
Your Score History
You have not taken this quiz